Central Library OPAC University of Rajshahi

Reversing the tide : (Record no. 60133)

MARC details
000 -LEADER
fixed length control field 01261nam a2200337 a 4500
001 - CONTROL NUMBER
control field 60133
003 - CONTROL NUMBER IDENTIFIER
rucl marc code BD-RjUL
005 - DATE AND TIME OF LATEST TRANSACTION
control field 20211209080816.0
008 - FIXED-LENGTH DATA ELEMENTS--GENERAL INFORMATION
fixed length control field 161228s2005 dcu b 000 0 eng
020 ## - INTERNATIONAL STANDARD BOOK NUMBER
International Standard Book Number 0821362305
International Standard Book Number 9780821362303
035 ## - SYSTEM CONTROL NUMBER
System control number BD-RjUL 60257
040 ## - CATALOGING SOURCE
Original cataloging agency DLC
Transcribing agency DLC
Modifying agency YDX
-- BAKER
-- YUS
-- MYG
Language of cataloging eng
041 ## - LANGUAGE CODE
Language code of text/sound track or separate title eng
082 00 - DEWEY DECIMAL CLASSIFICATION NUMBER
Classification number 362.1969792
Edition number 22
Author mark and year REV 2005
245 00 - TITLE STATEMENT
Title Reversing the tide :
Remainder of title priorities for HIV/AIDS prevention in Central Asia /
Statement of responsibility, etc. Joana Godinho ... [et al.].
260 ## - PUBLICATION, DISTRIBUTION, ETC. (IMPRINT)
Place of publication, distribution, etc. Washington, DC :
Name of publisher, distributor, etc. World Bank,
Date of publication, distribution, etc. 2005.
300 ## - PHYSICAL DESCRIPTION
Pagination xx, 186 p.;
Size 26 cm.
490 1# - SERIES STATEMENT
Series statement World Bank working paper ;
Volume/sequential designation no. 54
504 ## - BIBLIOGRAPHY, ETC. NOTE
Bibliography, etc Includes bibliographical references.
650 #0 - SUBJECT ADDED ENTRY--TOPICAL TERM
Topical term or geographic name as entry element HIV infections
Geographic subdivision Asia, Central.
9 (RLIN) 178990
Topical term or geographic name as entry element AIDS (Disease)
Geographic subdivision Asia, Central.
9 (RLIN) 178991
700 1# - ADDED ENTRY--PERSONAL NAME
Personal name Godinho, Joana,
Dates associated with a name 1951-
830 #0 - SERIES ADDED ENTRY--UNIFORM TITLE
Uniform title World Bank working paper ;
Volume number/sequential designation no. 54.
856 40 - ELECTRONIC LOCATION AND ACCESS
Uniform Resource Identifier <a href="http://elibrary.worldbank.org/doi/book/10.1596/978-0-8213-6230-3">http://elibrary.worldbank.org/doi/book/10.1596/978-0-8213-6230-3</a>
942 ## - ADDED ENTRY ELEMENTS (KOHA)
Source of classification or shelving scheme Dewey Decimal Classification
Koha item type Books
946 ## - LOCAL PROCESSING INFORMATION (OCLC)
a WBEL100503
z World Bank e-library batch update
949 #0 - LOCAL PROCESSING INFORMATION (OCLC)
4 IP
a d
b DEW
c STACK
o 0
p 39080030232539
x 01
h RA643.86.A783.R48 2005
956 41 - LOCAL ELECTRONIC LOCATION AND ACCESS (OCLC)
Uniform Resource Identifier <a href="http://libraries.mit.edu/get/elib">http://libraries.mit.edu/get/elib</a>
Public note Search by title
Holdings
Lost status Source of classification or shelving scheme Damaged status Not for loan Collection code Permanent Location Current Location Shelving location Date acquired Source of acquisition Total Checkouts Full call number Date last seen Copy number Koha item type
  Dewey Decimal Classification   Not For Loan Non-fiction Central Library, University of Rajshahi Central Library, University of Rajshahi Reading Room 21/04/2007 Tappam & Co.   362.1969792 REV 2005 28/12/2016 C-1 Books